| 000 | 02511nam a2200289 a 4500 | ||
|---|---|---|---|
| 003 | OSt | ||
| 005 | 20260210104822.0 | ||
| 007 | cr ||||||a|c|a | ||
| 008 | 240116s2020 mx a|||fom||| 001 0 spa d | ||
| 040 | _erda | ||
| 100 | 1 |
_9188460 _aOrtiz Najera, Florentina |
|
| 245 | 1 | 0 |
_aIdentificación y control quimico del agente causal de la marchitez en jitomate (Lycopersicon esculentum Mill.) / _cpor Florentina Ortiz Najera; director de tesis Santos Gerardo Leyva Mir. |
| 264 | 1 |
_aChapingo, México : _bEl autor, _c2020. |
|
| 300 |
_a1 recurso en línea (48 páginas): _bcuadros, figuras. |
||
| 336 |
_2rdacontent _atexto _btxt |
||
| 337 |
_2rdamedia _acomputadora _bc |
||
| 338 |
_2rdacarrier _arecurso en línea _bcr |
||
| 502 |
_bIAEPA _cParasitología _d2020. _gLIC |
||
| 504 | _aIncluye referencias bibliográficas: páginas 12-13.33. | ||
| 520 | _aEl objetivo de este trabajo fue realizar la correcta purificación del agente causal de la marchitez en jitomate y evaluar fungicidas para un manejo adecuado y favorable en el control de la marchitez del jitomate causado por Fusarium sp. El material colectado en el campo experimental San Martin, Chapingo, Estado de México se llevó al laboratorio de fitopatología del departamento de Parasitología Agrícola para realizar el aislamiento del hongo y llevando todos los cuidados necesarios y asepsia en lugar de trabajo. Para la evaluación de los fungicidas lo primero que se hizo fue la inoculación de las plántulas de jitomate con 1𝑥106 microconidios/ml de Fusarium oxysporum f. sp. lycopersici, luego mediante la inmersión de la raíz de las plántulas de jitomate en los diferentes fungicidas (Benomilo, Captan, Clorotalonil, Tiabendazol, Bacillus subtilis), y se tomaron como testigos un tratamiento con solo agua y otro con solo el hongo Fusarium oxysporum f. sp. lycopersici. Los datos obtenidos dela variable analizada (tamaño de raíz de las plántulas) se sometieron a un análisis de varianza y prueba Tukey (p≤0.05). Con la realización de PCR se pudo corroborar que el hongo aislado y purificado de los síntomas colectados se trataba de Fusarium oxysporum f. sp. lycopersici. | ||
| 650 | 4 |
_971288 _aMarchitez del tomate |
|
| 650 | 4 |
_944045 _aFungicidas _xAnálisis |
|
| 650 | 4 |
_9113713 _aTomate _xEnfermedades por hongos |
|
| 700 | 1 |
_aLeyva Mir, Santos Gerardo _eDirector de tesis. _966581 |
|
| 856 |
_uhttp://10.13.5.2/tesis/tl/Ortiz_Najera_Florentina.pdf _zDESCARGAR PDF |
||
| 942 | _2Clasificación Universidad Autónoma Chapingo | ||
| 999 |
_c219527 _d219527 |
||